[Event "World Senior Team ch 1st"]
[Site "Port Erin IOM"]
[Date "2004.10.07"]
[Round "3.2"]
[White "James, Geoffrey H"]
[Black "Tseitlin, Mark"]
[Result "0-1"]
[WhiteElo "2224"]
[BlackElo "2406"]
[PlyCount "68"]
[EventDate "2004.10.05"]
[EventType "team-swiss"]
[EventRounds "8"]
[EventCountry "ENG"]
[SourceDate "2014.04.29"]
[WhiteTeam "England"]
[BlackTeam "Israel"]
[WhiteTeamCountry "ENG"]
[BlackTeamCountry "ISR"]

1. c4 e5 2. g3 Nf6 3. Bg2 h6 4. Nc3 Bb4 5. Qc2 O-O 6. d3 Re8 7. Bd2 c6 8. Nf3
d5 9. O-O Bf8 10. cxd5 cxd5 11. d4 e4 12. Ne5 Ng4 13. Nxg4 Bxg4 14. f3 exf3 15.
exf3 Bd7 16. Rfe1 Be6 17. Ne2 Nc6 18. Bc3 Bd6 19. Qd2 b5 20. a3 a5 21. b4 axb4
22. axb4 Qe7 23. f4 Nxb4 24. Rxa8 Rxa8 25. Rb1 Ra2 26. Rb2 Ra1+ 27. Kf2 Ra4 28.
Bxb4 Bxb4 29. Qd3 Ra1 30. Rb1 Ra3 31. Qxb5 Bf5 32. Qxb4 Qe3+ 33. Kf1 Bd3 34.
Re1 Ra2 0-1

[Event "World Senior Team ch 1st"]
[Site "Port Erin IOM"]
[Date "2004.10.07"]
[Round "3.2"]
[White "Nicolson, Jim"]
[Black "Sotter, Gerlinde"]
[Result "1-0"]
[WhiteElo "1648"]
[BlackElo "1600"]
[PlyCount "39"]
[EventDate "2004.10.05"]
[EventType "team-swiss"]
[EventRounds "8"]
[EventCountry "ENG"]
[SourceDate "2014.04.29"]
[WhiteTeam "Chessmann"]
[BlackTeam "Black and White Magazine"]
[WhiteTeamCountry "IOM"]
[BlackTeamCountry "IND"]

1. c4 Nf6 2. g3 d5 3. cxd5 Qxd5 4. Nf3 c6 5. Nc3 Qd8 6. Bg2 e6 7. O-O Be7 8. d4
O-O 9. e4 Na6 10. Qe2 Nc7 11. Bf4 h6 12. Rfd1 Bd7 13. Rac1 Rc8 14. Ne5 Be8 15.
Na4 Nd7 16. Nc5 Rb8 17. Nxb7 Rxb7 18. Nxc6 Qa8 19. Nxe7+ Kh8 20. Bxc7 1-0

[Event "World Senior Team ch 1st"]
[Site "Port Erin IOM"]
[Date "2004.10.07"]
[Round "3.2"]
[White "Viner, Phillip"]
[Black "Vucenovic, Dragomir"]
[Result "1/2-1/2"]
[WhiteElo "2151"]
[BlackElo "2302"]
[PlyCount "116"]
[EventDate "2004.10.05"]
[EventType "team-swiss"]
[EventRounds "8"]
[EventCountry "ENG"]
[SourceDate "2014.04.29"]
[WhiteTeam "Australia"]
[BlackTeam "Switzerland"]
[WhiteTeamCountry "AUS"]
[BlackTeamCountry "SUI"]

1. d4 Nf6 2. c4 e6 3. Nf3 b6 4. g3 Ba6 5. b3 d5 6. Bg2 c6 7. Nbd2 Bb4 8. O-O
Nbd7 9. Bb2 O-O 10. Rc1 Rc8 11. a3 Bxd2 12. Nxd2 c5 13. e3 Re8 14. Re1 Bb7 15.
b4 Qc7 16. Qa4 a6 17. bxc5 Bc6 18. Qc2 bxc5 19. cxd5 Bxd5 20. e4 Bb7 21. Qb3
Rb8 22. Qa2 cxd4 23. Bxd4 e5 24. Bc3 Nf8 25. Bb4 Qd7 26. Nc4 Qe6 27. Qc2 Rbd8
28. Na5 Ba8 29. Qc4 Rd4 30. Qxe6 Nxe6 31. f3 Nd7 32. Red1 Rxd1+ 33. Rxd1 Nd4
34. Nc4 f6 35. Nd6 Rd8 36. Kf2 Nc6 37. Nc4 Nd4 38. Bh3 Nf8 39. Rd2 Bc6 40. Ne3
Bd7 41. Bf1 Bb5 {(=)} 42. Bxb5 axb5 43. Nd5 Kf7 44. Ke3 Nfe6 45. f4 Nc6 46. Rc2
Ned4 47. Rc5 Rd7 48. f5 g6 49. g4 h5 50. h3 hxg4 51. hxg4 gxf5 52. gxf5 Ra7 53.
Rc3 Rd7 54. Kf2 Nxb4 55. axb4 Nxf5 56. Rf3 Ne7 57. Nxf6 Rd4 58. Ke3 Ke6 1/2-1/2

[Event "World Senior Team ch 1st"]
[Site "Port Erin IOM"]
[Date "2004.10.07"]
[Round "3.3"]
[White "Bhend, Edwin"]
[Black "Krstic, Slobodan AUS"]
[Result "1-0"]
[WhiteElo "2246"]
[BlackElo "2049"]
[PlyCount "107"]
[EventDate "2004.10.05"]
[EventType "team-swiss"]
[EventRounds "8"]
[EventCountry "ENG"]
[SourceDate "2014.04.29"]
[WhiteTeam "Switzerland"]
[BlackTeam "Australia"]
[WhiteTeamCountry "SUI"]
[BlackTeamCountry "AUS"]

1. e4 c5 2. Nf3 Nc6 3. Bb5 d6 4. c3 Qb6 5. Qe2 a6 6. Ba4 Bd7 7. O-O e6 8. Rd1
Qc7 9. d4 b5 10. Bc2 cxd4 11. cxd4 Rc8 12. Na3 e5 13. d5 Nce7 14. Bd2 g6 15.
Ne1 Bg7 16. Rac1 Nf6 17. Bd3 Qb6 18. Be3 Qb7 19. Rxc8+ Nxc8 20. f3 O-O 21. Qd2
Nb6 22. Qb4 Nbxd5 23. exd5 Nxd5 24. Be4 Nxb4 25. Bxb7 Rb8 26. Bd5 Nxd5 27. Rxd5
Bf8 28. Rd1 f5 29. Nd3 b4 30. Nc4 Be6 31. Nb6 a5 32. b3 f4 33. Bf2 Kf7 34. Nb2
g5 35. N2c4 Bxc4 36. Nxc4 Ke6 37. Nb6 Be7 38. Rc1 h5 39. h3 Bd8 40. Na4 Kd5 41.
Kf1 g4 42. Ke2 Ke6 43. Kd3 Rb5 44. Ke2 Kd7 45. Rd1 Ke6 46. Nc5+ Ke7 47. Bh4+
Ke8 48. Ne4 Bc7 49. Rxd6 gxh3 50. gxh3 a4 51. Nf6+ Kf8 52. Rd5 axb3 53. axb3
Rb7 54. Rd7 1-0

[Event "World Senior Team ch 1st"]
[Site "Port Erin IOM"]
[Date "2004.10.07"]
[Round "3.3"]
[White "Corish, Aidan"]
[Black "Rety, John"]
[Result "1/2-1/2"]
[WhiteElo "1864"]
[BlackElo "2001"]
[PlyCount "121"]
[EventDate "2004.10.05"]
[EventType "team-swiss"]
[EventRounds "8"]
[EventCountry "ENG"]
[SourceDate "2014.04.29"]
[WhiteTeam "Essex"]
[BlackTeam "Britain 3"]
[WhiteTeamCountry "ENG"]
[BlackTeamCountry "GBR"]

1. Nf3 Nf6 2. g3 d6 3. d4 Bg4 4. Bg2 Qd7 5. h3 Bxf3 6. Bxf3 c6 7. Bg2 Na6 8.
O-O g6 9. e4 Bg7 10. Be3 O-O 11. c3 Rfd8 12. Nd2 e5 13. dxe5 dxe5 14. Qc2 Qe7
15. Rfd1 Nc5 16. Nb3 Ncd7 17. Rd2 b6 18. Rad1 Nf8 19. Rxd8 Rxd8 20. Rxd8 Qxd8
21. Qd2 Qe7 22. Kh2 c5 23. Qd3 Qc7 24. Nd2 N8d7 25. a4 Qc6 26. b3 Bf8 27. Nc4
Ne8 28. h4 Ndf6 29. f3 Bd6 30. Nxd6 Nxd6 31. Bg5 Nde8 32. Qd8 Kg7 33. Bf1 h6
34. Bb5 Qe6 35. Bc4 Qc6 36. Bxf6+ Nxf6 37. Qe7 Qd7 38. Qxd7 Nxd7 39. Kg2 Kf6
40. Kf2 Ke7 41. Bd3 Nf6 42. Ke3 Ne8 43. f4 f6 44. Be2 Nd6 45. fxe5 fxe5 46. Bd3
a5 47. Be2 Kf6 48. g4 g5 49. h5 Ke6 50. Ba6 Kd7 51. Bc4 Kc7 52. Be2 Kc6 53. Bc4
b5 54. axb5+ Nxb5 55. Bd5+ Kb6 56. Kd3 Nd6 57. Be6 Ne8 58. Bf5 Nf6 59. Kc4 Kc6
60. Kd3 Kb5 61. Be6 1/2-1/2

[Event "World Senior Team ch 1st"]
[Site "Port Erin IOM"]
[Date "2004.10.07"]
[Round "3.3"]
[White "Fereday, Andrew"]
[Black "Edwards, Raymond B"]
[Result "0-1"]
[WhiteElo "1693"]
[BlackElo "2119"]
[PlyCount "116"]
[EventDate "2004.10.05"]
[EventType "team-swiss"]
[EventRounds "8"]
[EventCountry "ENG"]
[SourceDate "2014.04.29"]
[WhiteTeam "South Africa"]
[BlackTeam "England II"]
[WhiteTeamCountry "RSA"]
[BlackTeamCountry "ENG"]

1. e4 c6 2. d4 d5 3. e5 Bf5 4. Ne2 e6 5. Ng3 Bg6 6. h4 h6 7. h5 Bh7 8. Bd3 Bxd3
9. Qxd3 Nd7 10. Nd2 Ne7 11. O-O c5 12. c3 cxd4 13. cxd4 Nc6 14. Nf3 Qb6 15. a3
a5 16. Rb1 Be7 17. Be3 Qa6 18. Qe2 Qxe2 19. Nxe2 O-O 20. Nd2 b5 21. Rbc1 Rfc8
22. Rc2 Na7 23. Rfc1 Rxc2 24. Rxc2 Rc8 25. Rxc8+ Nxc8 26. Nb3 a4 27. Na5 Na7
28. Bd2 Kf8 29. f4 f5 30. Kf2 Nb6 31. Nc1 Ke8 32. Nd3 Kd7 33. Nc5+ Bxc5 34.
dxc5 Nc4 35. Nxc4 dxc4 36. Ke3 Nc6 37. Be1 Ke8 38. Bg3 Kf7 39. Kf3 g6 40. hxg6+
Kxg6 41. Ke3 Ne7 42. Kf3 Kf7 43. Be1 Ke8 44. Bd2 Kd7 45. Be1 Kc6 46. Bf2 Kd5
47. Be3 Nc6 48. Bf2 b4 49. axb4 c3 50. bxc3 a3 51. b5 a2 52. c4+ Kxc4 53. bxc6
a1=Q 54. Kg3 Qa8 55. c7 Qc8 56. Kh4 Qxc7 57. g4 Kd5 58. gxf5 exf5 0-1

[Event "World Senior Team ch 1st"]
[Site "Port Erin IOM"]
[Date "2004.10.07"]
[Round "3.3"]
[White "Kraidman, Yair"]
[Black "Richardson, Keith"]
[Result "1-0"]
[WhiteElo "2307"]
[BlackElo "2220"]
[PlyCount "107"]
[EventDate "2004.10.05"]
[EventType "team-swiss"]
[EventRounds "8"]
[EventCountry "ENG"]
[SourceDate "2014.04.29"]
[WhiteTeam "Israel"]
[BlackTeam "England"]
[WhiteTeamCountry "ISR"]
[BlackTeamCountry "ENG"]

1. d4 Nf6 2. c4 g6 3. Nc3 Bg7 4. e4 d6 5. f3 b6 6. Be3 Bb7 7. Qd2 c5 8. d5 Na6
9. Nh3 Nc7 10. Be2 O-O 11. O-O Qd7 12. Nf2 e6 13. a4 exd5 14. exd5 Rfe8 15.
Rfe1 Qe7 16. Bf1 Qf8 17. Nb5 Nxb5 18. axb5 a5 19. bxa6 Rxa6 20. Rxa6 Bxa6 21.
Ra1 Ra8 22. Qc2 Bb7 23. Rxa8 Qxa8 24. Bf4 Qd8 25. Bd3 b5 26. b3 bxc4 27. bxc4
Qb6 28. g4 Kf8 29. Kg2 Ke7 30. Qe2+ Kf8 31. Bg5 Ba6 32. Bh4 Qc7 33. Qa2 Bc8 34.
Qa8 Ne8 35. Bc2 Bb7 36. Qa7 Be5 37. Nd3 Bd4 38. Ba4 Bc8 39. Qa8 Bf6 40. Bg3 Be7
41. Bc6 Qd8 42. Nf2 Nf6 43. h3 h5 44. Qb8 hxg4 45. hxg4 Kg7 46. Bb5 Nd7 47.
Bxd7 Qxd7 48. Ne4 Ba6 49. Bxd6 Bxc4 50. Qb2+ f6 51. Bxe7 Qxe7 52. d6 Qe6 53.
Qb7+ Kh6 54. d7 1-0

[Event "World Senior Team ch 1st"]
[Site "Port Erin IOM"]
[Date "2004.10.07"]
[Round "3.3"]
[White "Mehra, Suman"]
[Black "Robertson, Alan B"]
[Result "0-1"]
[WhiteElo "1000"]
[BlackElo "1464"]
[PlyCount "88"]
[EventDate "2004.10.05"]
[EventType "team-swiss"]
[EventRounds "8"]
[EventCountry "ENG"]
[SourceDate "2014.04.29"]
[WhiteTeam "Black and White Magazine"]
[BlackTeam "Chessmann"]
[WhiteTeamCountry "IND"]
[BlackTeamCountry "IOM"]

1. e4 d6 2. Nc3 e5 3. Nf3 Bg4 4. Bd3 Ne7 5. O-O Ng6 6. Be2 Nc6 7. Na4 Be7 8. c3
a6 9. d4 b5 10. d5 Na5 11. b4 Nc4 12. Nb2 Nxb2 13. Bxb2 h5 14. c4 bxc4 15. Bxc4
Qb8 16. a3 O-O 17. Ra2 Qe8 18. Qd3 Nf4 19. Qe3 Qd7 20. Bxe5 Nxg2 21. Qd3 Bh3
22. Bg3 Qg4 23. e5 h4 24. Qd4 Qxf3 25. Qd1 Qf5 26. Bd3 Qg5 27. Qf3 hxg3 28.
fxg3 Nh4 29. Qf2 Bxf1 30. Kxf1 Qc1+ 31. Qe1 Qxe1+ 32. Kxe1 Nf3+ 33. Ke2 Nxe5
34. b5 axb5 35. Bxb5 Rfb8 36. Bc6 Nxc6 37. dxc6 Bg5 38. Kd3 Rb3+ 39. Ke2 Re8+
40. Kf2 d5 41. h4 Be3+ 42. Ke2 d4 43. Kd1 d3 44. h5 Rb1# 0-1

[Event "World Senior Team ch 1st"]
[Site "Port Erin IOM"]
[Date "2004.10.07"]
[Round "3.4"]
[White "Benson, Lachlan"]
[Black "Hohler, Peter"]
[Result "1/2-1/2"]
[WhiteElo "1955"]
[BlackElo "2248"]
[PlyCount "155"]
[EventDate "2004.10.05"]
[EventType "team-swiss"]
[EventRounds "8"]
[EventCountry "ENG"]
[SourceDate "2014.04.29"]
[WhiteTeam "Australia"]
[BlackTeam "Switzerland"]
[WhiteTeamCountry "AUS"]
[BlackTeamCountry "SUI"]

1. e4 e5 2. Nf3 Nc6 3. Bb5 a6 4. Ba4 Nf6 5. O-O Be7 6. Re1 b5 7. Bb3 d6 8. h3
Na5 9. c3 Nxb3 10. Qxb3 Bb7 11. d3 O-O 12. Nbd2 c5 13. Nf1 d5 14. Ng3 dxe4 15.
dxe4 c4 16. Qc2 Nd7 17. Be3 Qc7 18. Rad1 Rfd8 19. Rd2 Bc5 20. Bxc5 Nxc5 21.
Red1 f6 22. Ne1 Rxd2 23. Rxd2 Rd8 24. f3 Rd7 25. Qd1 Qd8 26. Rxd7 Qxd7 27. Qxd7
Nxd7 28. Nf5 Nc5 29. Ne3 Kf7 30. Kf1 Ke6 31. Ke2 g6 32. Kd2 f5 33. exf5+ gxf5
34. g4 fxg4 35. hxg4 Kf6 36. Ke2 Kg5 37. N1g2 Na4 38. Nd1 e4 39. fxe4 Bxe4 40.
Ne1 Kxg4 41. Ke3 Bb7 42. Kd4 h5 43. b3 cxb3 44. axb3 Nb6 45. Ne3+ Kf4 46. Nd3+
Kf3 47. Ne5+ Kf4 48. Nd3+ Kf3 49. Ne5+ Ke2 50. Nf5 Kf2 51. Nd3+ Kf3 52. Ne5+
Kf4 53. Ne3 h4 54. Nd3+ Kf3 55. Ne5+ Kf4 56. Nd3+ Kf3 57. Ne5+ Ke2 58. Nd3 Bc8
59. Nf4+ Kf3 60. Nd3 h3 61. Nf1 Kg2 62. Ne3+ Kg1 63. Ne1 Bb7 64. Ng4 h2 65.
Nxh2 Kxh2 66. Nd3 Kg3 67. Nc5 Bc8 68. Ne4+ Kf4 69. Nd6 Be6 70. c4 bxc4 71. bxc4
Nd7 72. Nb7 Kf5 73. c5 Nb8 74. Na5 Bd7 75. Kd5 Bb5 76. c6 Bxc6+ 77. Nxc6 Nxc6
78. Kxc6 1/2-1/2

[Event "World Senior Team ch 1st"]
[Site "Port Erin IOM"]
[Date "2004.10.07"]
[Round "3.4"]
[White "Milner, Edward"]
[Black "David, Vidya"]
[Result "1-0"]
[WhiteElo "1416"]
[BlackElo "800"]
[PlyCount "43"]
[EventDate "2004.10.05"]
[EventType "team-swiss"]
[EventRounds "8"]
[EventCountry "ENG"]
[SourceDate "2014.04.29"]
[WhiteTeam "Chessmann"]
[BlackTeam "Black and White Magazine"]
[WhiteTeamCountry "IOM"]
[BlackTeamCountry "IND"]

1. e4 e5 2. f4 exf4 3. Nf3 d6 4. Bc4 Nf6 5. O-O Nxe4 6. Re1 Be7 7. Rxe4 O-O 8.
Nc3 Nc6 9. d4 Bg5 10. Bxf4 Bxf4 11. Rxf4 Qe8 12. Re4 Qd7 13. Qd3 b6 14. Nd5 a5
15. Rf1 Nb4 16. Qe2 Nxa2 17. Nd2 h6 18. Nf6+ gxf6 19. Rxf6 Kg7 20. Qh5 Kxf6 21.
Qxh6+ Kf5 22. g4# 1-0

[Event "World Senior Team ch 1st"]
[Site "Port Erin IOM"]
[Date "2004.10.07"]
[Round "3.4"]
[White "Smith, David"]
[Black "Heppinstall, Roy"]
[Result "0-1"]
[WhiteElo "1728"]
[BlackElo "1832"]
[PlyCount "58"]
[EventDate "2004.10.05"]
[EventType "team-swiss"]
[EventRounds "8"]
[EventCountry "ENG"]
[SourceDate "2014.04.29"]
[WhiteTeam "Britain 3"]
[BlackTeam "Essex"]
[WhiteTeamCountry "GBR"]
[BlackTeamCountry "ENG"]

1. e4 c6 2. d4 d5 3. exd5 cxd5 4. Bd3 Nc6 5. c3 Nf6 6. Bf4 Bg4 7. Qb3 Qd7 8.
Nd2 e6 9. Ngf3 Bxf3 10. Nxf3 Nh5 11. Be3 Bd6 12. O-O O-O 13. Qc2 f5 14. Qe2 Nf6
15. Rae1 Rae8 16. h3 Ne4 17. Ng5 h6 18. Nxe4 fxe4 19. Bc2 Bc7 20. Qg4 {(=)} Rf6
21. g3 Ref8 22. Kg2 Qf7 23. Bd1 Ne7 24. f4 Nf5 25. Qe2 Rg6 26. g4 Nh4+ 27. Kh1
Nf3 28. Rxf3 exf3 29. Qxf3 Bxf4 0-1

[Event "World Senior Team ch 1st"]
[Site "Port Erin IOM"]
[Date "2004.10.07"]
[Round "3.4"]
[White "Wheeler, John"]
[Black "Stepak, Yedael"]
[Result "1/2-1/2"]
[WhiteElo "2209"]
[BlackElo "2302"]
[PlyCount "60"]
[EventDate "2004.10.05"]
[EventType "team-swiss"]
[EventRounds "8"]
[EventCountry "ENG"]
[SourceDate "2014.04.29"]
[WhiteTeam "England"]
[BlackTeam "Israel"]
[WhiteTeamCountry "ENG"]
[BlackTeamCountry "ISR"]

1. d4 Nf6 2. c4 g6 3. Nc3 Bg7 4. e4 d6 5. Be2 O-O 6. Bg5 c5 7. dxc5 Qa5 8. Bd2
Qxc5 9. Nf3 Bg4 10. Be3 Qa5 11. O-O Nbd7 12. Rc1 a6 13. Nd4 Bxe2 14. Qxe2 Rac8
15. f3 Ne5 16. b3 e6 17. Qd2 Rfd8 18. Rfd1 Rd7 19. h3 Qd8 20. Bg5 Qf8 21. f4
Nc6 22. Nf3 Rcc7 23. Bh4 Qb8 24. f5 b5 25. cxb5 axb5 26. a3 b4 27. axb4 Qxb4
28. fxe6 fxe6 29. Bg3 Ne5 30. Nd4 Kf7 1/2-1/2

[Event "World Senior Team ch 1st"]
[Site "Port Erin IOM"]
[Date "2004.10.07"]
[Round "3.4"]
[White "Williams, Chris"]
[Black "Goldstein, Anthony"]
[Result "1-0"]
[WhiteElo "1968"]
[BlackElo "1500"]
[PlyCount "105"]
[EventDate "2004.10.05"]
[EventType "team-swiss"]
[EventRounds "8"]
[EventCountry "ENG"]
[SourceDate "2014.04.29"]
[WhiteTeam "England II"]
[BlackTeam "South Africa"]
[WhiteTeamCountry "ENG"]
[BlackTeamCountry "RSA"]

1. d4 Nf6 2. c4 d6 3. Nf3 g6 4. Nc3 Bg7 5. e4 Bg4 6. Be2 Nc6 7. Be3 O-O 8. d5
Nb8 9. h3 Bc8 10. O-O c5 11. Nd2 b6 12. f4 Ne8 13. Bd3 f5 14. Qc2 e6 15. dxe6
Bxe6 16. Nf3 Nc6 17. a3 Nc7 18. Rad1 Nd4 19. Bxd4 Bxd4+ 20. Nxd4 cxd4 21. Nd5
Rc8 22. Qf2 fxe4 23. Bxe4 Nxd5 24. cxd5 Bf5 25. Qxd4 Qf6 26. Qxf6 Rxf6 27. Bxf5
Rxf5 28. g4 Rf7 {(=)} 29. Rd2 Re7 30. Kg2 Kf7 31. Rff2 Re1 32. Rfe2 Rxe2+ 33.
Rxe2 Rc5 34. Rd2 Kf6 35. Kf3 a5 36. Ke4 Rc4+ 37. Rd4 Rc2 38. b3 b5 39. Rd3 g5
40. f5 h6 41. Kd4 Rc1 42. Re3 Rd1+ 43. Ke4 Ra1 44. b4 axb4 45. axb4 Rb1 46. Kf3
Rxb4 47. Re6+ Kf7 48. Rxd6 Rb3+ 49. Ke4 Rxh3 50. Rb6 Rb3 51. Rxh6 Rb4+ 52. Ke5
Rxg4 53. Rh7+ 1-0

[Event "World Senior Team ch 1st"]
[Site "Port Erin IOM"]
[Date "2004.10.08"]
[Round "4.1"]
[White "Gill, Neville"]
[Black "Heyns, Anthon"]
[Result "1-0"]
[WhiteElo "2046"]
[BlackElo "2010"]
[PlyCount "135"]
[EventDate "2004.10.05"]
[EventType "team-swiss"]
[EventRounds "8"]
[EventCountry "ENG"]
[SourceDate "2014.04.29"]
[WhiteTeam "Chessmann"]
[BlackTeam "South Africa"]
[WhiteTeamCountry "IOM"]
[BlackTeamCountry "RSA"]

1. d4 Nf6 2. c4 e6 3. Nc3 Bb4 4. Qc2 O-O 5. a3 Bxc3+ 6. Qxc3 b6 7. Bg5 Bb7 8.
e3 d6 9. f3 Nbd7 10. Bd3 c5 11. Ne2 Rc8 12. O-O d5 13. Qb3 cxd4 14. exd4 h6 15.
Bh4 g5 16. Bg3 dxc4 17. Bxc4 Nd5 18. Rfe1 Qe7 19. Nc3 Qf6 20. Rad1 Nxc3 21.
bxc3 Rfd8 22. Bxe6 Nc5 23. dxc5 Rxd1 24. Bxf7+ Qxf7 25. Qxf7+ Kxf7 26. Rxd1 Ke7
27. Rd6 Rc6 28. Rxc6 Bxc6 29. cxb6 axb6 30. Kf2 Ke6 31. h4 Kf5 32. hxg5 hxg5
33. Bc7 b5 34. g4+ Kg6 35. f4 gxf4 36. Bxf4 Bd5 37. Kg3 Be6 38. Bc7 Bc4 39. Kf4
Bd3 40. Bd8 Be2 41. g5 Bd3 42. Ke5 Kf7 43. Kd6 Ke8 44. Bf6 Kf7 45. Kc5 Ke6 46.
Kb4 Kd6 47. a4 bxa4 48. Kxa4 Kc5 49. Bd4+ Kd5 50. Kb4 Bg6 51. Bg7 Bd3 52. Bf6
Bg6 53. c4+ Kc6 54. Kc3 Be8 55. Kd4 Kd6 56. Bg7 Bg6 57. Bf8+ Ke6 58. Kc5 Be4
59. Kb6 Kd7 60. c5 Ke8 61. Bd6 Kd7 62. Bf4 Kc8 63. c6 Bg6 64. Kc5 Kd8 65. Kd6
Bf5 66. Ke5 Bc8 67. Kf6 Ke8 68. Bd6 1-0

[Event "World Senior Team ch 1st"]
[Site "Port Erin IOM"]
[Date "2004.10.08"]
[Round "4.1"]
[White "Reuben, Stewart"]
[Black "Wilson, Peter"]
[Result "1/2-1/2"]
[WhiteElo "2150"]
[BlackElo "2169"]
[PlyCount "43"]
[EventDate "2004.10.05"]
[EventType "team-swiss"]
[EventRounds "8"]
[EventCountry "ENG"]
[SourceDate "2014.04.29"]
[WhiteTeam "Black and White Magazine"]
[BlackTeam "Britain 3"]
[WhiteTeamCountry "IND"]
[BlackTeamCountry "GBR"]

1. c4 f5 2. g3 Nf6 3. Bg2 e6 4. b3 d5 5. Bb2 Be7 6. Nf3 O-O 7. O-O c6 8. d3
dxc4 9. bxc4 Qc7 10. Nbd2 c5 11. Qb3 Nc6 12. d4 cxd4 13. Nxd4 Bd7 14. c5 Nxd4
15. Bxd4 Rab8 16. Qc3 Rbc8 17. Nb3 Bc6 18. Be5 Qd7 19. Rfd1 Qe8 20. Bd6 Bxd6
21. Rxd6 Bxg2 22. Kxg2 1/2-1/2

[Event "World Senior Team ch 1st"]
[Site "Port Erin IOM"]
[Date "2004.10.08"]
[Round "4.1"]
[White "Uhlmann, Wolfgang"]
[Black "Murey, Jacob"]
[Result "1-0"]
[WhiteElo "2406"]
[BlackElo "2450"]
[PlyCount "123"]
[EventDate "2004.10.05"]
[EventType "team-swiss"]
[EventRounds "8"]
[EventCountry "ENG"]
[SourceDate "2014.04.29"]
[WhiteTeam "Germany"]
[BlackTeam "Israel"]
[WhiteTeamCountry "GER"]
[BlackTeamCountry "ISR"]

1. c4 f5 2. Nf3 Nf6 3. d4 g6 4. b3 Bg7 5. Bb2 Ne4 6. Nbd2 c6 7. e3 O-O 8. Bd3
d5 9. cxd5 cxd5 10. Ne5 Qa5 11. a3 Nd7 12. b4 Nxe5 13. dxe5 Qb6 14. O-O Qe6 15.
f4 Bd7 16. Nb3 Ba4 17. Bxe4 Bxb3 18. Bxf5 Qxf5 19. Qxb3 Qe4 20. Rad1 e6 21. Qd3
Qxd3 22. Rxd3 Rfc8 23. g4 Rc4 24. Bd4 Kf7 25. f5 gxf5 26. gxf5 exf5 27. Rxf5+
Ke6 28. Rg5 Bh6 29. Rg3 b5 30. Rd2 Rf8 31. Kg2 Rf7 32. Rh3 Bg5 33. Rf3 a6 34.
Rxf7 Kxf7 35. Rf2+ Ke6 36. Rf8 Rc2+ 37. Kg3 Ra2 38. h4 Be7 39. Re8 Kf7 40. Rh8
Rxa3 41. Rxh7+ Ke6 42. h5 Bg5 43. Kf2 Ra2+ 44. Kf3 Rh2 45. Ra7 Kf5 46. Rxa6
Rxh5 47. Rd6 Rh3+ 48. Kg2 Rh6 49. e6 Rxe6 50. Rxd5+ Kg4 51. Kf2 Bf6 52. Bxf6
Rxf6+ 53. Ke2 Rb6 54. Kd3 Rb7 55. Kd4 Rb8 56. Re5 Kf3 57. Rf5+ Ke2 58. e4 Kd2
59. e5 Kc2 60. Rf3 Rd8+ 61. Ke4 Re8 62. Rg3 1-0

[Event "World Senior Team ch 1st"]
[Site "Port Erin IOM"]
[Date "2004.10.08"]
[Round "4.1"]
[White "Wade, Robert G"]
[Black "Howson, Jim"]
[Result "1/2-1/2"]
[WhiteElo "2174"]
[BlackElo "2000"]
[PlyCount "85"]
[EventDate "2004.10.05"]
[EventType "team-swiss"]
[EventRounds "8"]
[EventCountry "ENG"]
[SourceDate "2014.04.29"]
[WhiteTeam "England II"]
[BlackTeam "Essex"]
[WhiteTeamCountry "ENG"]
[BlackTeamCountry "ENG"]

1. d4 d6 2. e4 Nf6 3. Nc3 e5 4. Nf3 Nc6 5. Bb5 Bd7 6. Bxc6 Bxc6 7. Qd3 exd4 8.
Nxd4 Qd7 9. Bg5 Ng8 10. O-O-O Be7 11. Be3 Nf6 12. f3 O-O 13. Nf5 a6 14. Bg5 Bd8
15. Qd4 Ne8 16. h4 h6 17. Bxd8 Rxd8 18. g4 Qe6 19. g5 h5 20. Rhg1 g6 21. Nh6+
Kh7 22. f4 Ng7 23. Nd5 Bxd5 24. exd5 Qd7 25. Rde1 f5 26. gxf6 Kxh6 27. fxg7
Qxg7 28. Qd2 Rf5 29. Re6 Rdf8 30. Qe3 b6 31. Qg3 R8f6 32. Qg5+ Kh7 33. Rxf6
Qxf6 34. Qxf6 Rxf6 35. Rf1 b5 36. b3 b4 37. Kb2 Rf5 38. a3 bxa3+ 39. Kxa3 Rxd5
40. Re1 Rd4 41. Re7+ Kg8 42. Rxc7 Rxf4 43. Rc6 1/2-1/2

[Event "World Senior Team ch 1st"]
[Site "Port Erin IOM"]
[Date "2004.10.08"]
[Round "4.1"]
[White "Zaric, Srboljub"]
[Black "Rosino, Antonio"]
[Result "1/2-1/2"]
[WhiteElo "2230"]
[BlackElo "2277"]
[PlyCount "71"]
[EventDate "2004.10.05"]
[EventType "team-swiss"]
[EventRounds "8"]
[EventCountry "ENG"]
[SourceDate "2014.04.29"]
[WhiteTeam "Australia"]
[BlackTeam "Italy"]
[WhiteTeamCountry "AUS"]
[BlackTeamCountry "ITA"]

1. e4 e5 2. Nf3 Nc6 3. Bb5 a6 4. Ba4 Nf6 5. O-O Be7 6. Re1 b5 7. Bb3 d6 8. c3
O-O 9. d3 Na5 10. Bc2 c5 11. Nbd2 Qc7 12. Nf1 Nc6 13. Ne3 g6 14. a4 Bb7 15. b3
Rfe8 16. g4 Bf8 17. g5 Nh5 18. Nd5 Qd8 19. axb5 axb5 20. Rxa8 Bxa8 21. d4 exd4
22. cxd4 Nxd4 23. Nxd4 Bxd5 24. exd5 cxd4 25. Bd3 Rxe1+ 26. Qxe1 Qd7 27. Qe2 b4
28. Bd2 Bg7 29. f4 h6 30. f5 hxg5 31. Bxg5 Be5 32. fxg6 Nf4 33. Bxf4 Bxf4 34.
Qh5 fxg6 35. Bxg6 Qe7 36. Kg2 1/2-1/2

[Event "World Senior Team ch 1st"]
[Site "Port Erin IOM"]
[Date "2004.10.08"]
[Round "4.2"]
[White "Flockhart, Hugh"]
[Black "Sotter, Gerlinde"]
[Result "0-1"]
[WhiteElo "1926"]
[BlackElo "1600"]
[PlyCount "120"]
[EventDate "2004.10.05"]
[EventType "team-swiss"]
[EventRounds "8"]
[EventCountry "ENG"]
[SourceDate "2014.04.29"]
[WhiteTeam "Britain 3"]
[BlackTeam "Black and White Magazine"]
[WhiteTeamCountry "GBR"]
[BlackTeamCountry "IND"]

1. e4 e6 2. d4 d5 3. exd5 exd5 4. c4 Bb4+ 5. Nc3 Nf6 6. a3 Bxc3+ 7. bxc3 O-O 8.
Bd3 Re8+ 9. Ne2 dxc4 10. Bxc4 Nd5 11. O-O c6 12. Qc2 Be6 13. Ng3 Nd7 14. Bd3
N7f6 15. Bg5 h6 16. Bd2 Rc8 17. Qb2 Qb6 18. Rab1 Qxb2 19. Rxb2 b5 20. h3 Nb6
21. Nf5 Nc4 22. Bxc4 Bxf5 23. Ba2 Re2 24. Bc1 Rce8 25. Rxe2 Rxe2 26. Bb3 Bc2
27. Ba2 Be4 28. Bb3 Bd5 29. Bd1 Re7 30. Kh2 Bc4 31. Rg1 Ne4 32. Bf3 Bd5 33. Re1
f5 34. Bd1 Kf7 35. Kg1 Nxc3 36. Bh5+ Kf6 37. Rxe7 Kxe7 38. Bd2 Ne4 39. Bb4+ Ke6
40. Bd1 Bc4 41. Bh5 Nf6 42. Bd1 Nd7 43. Bh5 Nf6 44. Bd1 Nd5 45. Bc5 a5 46. Bh5
b4 47. axb4 axb4 48. Bf3 b3 49. Ba3 g5 50. Bb2 Bb5 51. Bd1 Ba4 52. Kf1 Nf4 53.
Be2 Bb5 54. Bxb5 cxb5 55. g3 Nd3 56. Ba1 b2 57. Bxb2 Nxb2 58. Ke2 Kd5 59. Ke3
Nc4+ 60. Kd3 b4 0-1

[Event "World Senior Team ch 1st"]
[Site "Port Erin IOM"]
[Date "2004.10.08"]
[Round "4.2"]
[White "Price, Eddie"]
[Black "Nicolson, Jim"]
[Result "1-0"]
[WhiteElo "1880"]
[BlackElo "1648"]
[PlyCount "38"]
[EventDate "2004.10.05"]
[EventType "team-swiss"]
[EventRounds "8"]
[EventCountry "ENG"]
[SourceDate "2014.04.29"]
[WhiteTeam "South Africa"]
[BlackTeam "Chessmann"]
[WhiteTeamCountry "RSA"]
[BlackTeamCountry "IOM"]

1. g3 c5 2. Bg2 g6 3. f4 Nc6 4. Nf3 Bg7 5. O-O d6 6. d3 e5 7. Nc3 Nge7 8. e4
O-O 9. f5 gxf5 10. Nh4 f4 11. gxf4 Ng6 12. Nf5 exf4 13. Nxg7 Kxg7 14. Nd5 f3
15. Qxf3 Nd4 16. Qh5 f5 17. Bg5 Qd7 18. Bh6+ Kg8 19. Bxf8 Nxf8 1-0